书目信息 |
| 题名: |
嵌入式可配置实时操作系统eCos软件开发
|
|
| 作者: | 马萨 著 ;孙晓明 , 尤伟伟 , 颜若麟 , 林巧民 译 | |
| 分册: | ||
| 出版信息: | 北京 北京航空航天大学出版社 2006.05 |
|
| 页数: | 336页 | |
| 开本: | 23cm | |
| 丛书名: | Bruce Perens开源系列 | |
| 单 册: | ||
| 中图分类: | TP316.2 | |
| 科图分类: | ||
| 主题词: | 实时操作系统--shi shi cao zuo xi tong--软件开发 | |
| 电子资源: | ||
| ISBN: | 7-81077-732-7 | |
| 000 | 01598nam 2200337 450 | |
| 001 | 012006200842 | |
| 005 | 20070611102258.12 | |
| 010 | @a7-81077-732-7@dCNY39.00 | |
| 100 | @a20061210d2006 km y0chiy0120 ea | |
| 101 | 1 | @achi@ceng |
| 102 | @aCN@b110000 | |
| 105 | @aa z 000yy | |
| 200 | 1 | @a嵌入式可配置实时操作系统eCos软件开发@Aqian ru shi ke pei zhi shi shi cao zuo xi tong eCos ruan jian kai fa@d= Embedded software development with eCos@f(美) Anthony J. Massa著@F(mei)Anthony J.Massa zhu@g颜若麟 … [等] 译@Gyan ruo lin…[deng]yi@zeng |
| 210 | @a北京@c北京航空航天大学出版社@d2006.05 | |
| 215 | @a336页@c图@d23cm | |
| 225 | 2 | @aBruce Perens开源系列@ABruce Perens kai yuan xi lie |
| 304 | @a题名页题 :颜若麟, 孙晓明, 尤伟伟, 林巧民译 | |
| 306 | @a本书由Pearson Education, Inc.授权出版 | |
| 314 | @a责任者Massa规范汉译姓:马萨; Anthony J. Massa,在San Diego大学取得电气工程B.S.和B.A.双学位。曾在各种顶级出版物上发表大量的eCos方面的文章。 | |
| 330 | @a本书全面介绍了eCos系统的体系结构及其各组成部分,包括eCos的实时内核、硬件抽象层、线程及同步机制、设备驱动、文件系统、网络支持等,详细阐述了eCos开发环境建立等。 | |
| 410 | 0 | @12001 @aBruce Perens开源系列 |
| 500 | 10 | @aEmbedded software development with eCos@mChinese |
| 606 | 0 | @a实时操作系统@Ashi shi cao zuo xi tong@x软件开发 |
| 690 | @aTP316.2@v4 | |
| 701 | 1 | @a马萨@Ama sa@g(Massa, Anthony J.)@4著 |
| 702 | 0 | @a孙晓明@Asun xiao ming@4译 |
| 702 | 0 | @a尤伟伟@Ayou wei wei@4译 |
| 702 | 0 | @a颜若麟@Ayan ruo lin@4译 |
| 702 | 0 | @a林巧民@Alin qiao min@4译 |
| 801 | 0 | @aCN@c20070611 |
| 905 | @a10447@dTP316.2@eM161 | |
| 嵌入式可配置实时操作系统eCos软件开发= Embedded software development with eCos/(美) Anthony J. Massa著/颜若麟 … [等] 译.-北京:北京航空航天大学出版社,2006.05 |
| 336页:图;23cm.-(Bruce Perens开源系列) |
| ISBN 7-81077-732-7:CNY39.00 |
| 本书全面介绍了eCos系统的体系结构及其各组成部分,包括eCos的实时内核、硬件抽象层、线程及同步机制、设备驱动、文件系统、网络支持等,详细阐述了eCos开发环境建立等。 |
| ● |
| 相关链接 |
|
|
|
正题名:嵌入式可配置实时操作系统eCos软件开发
索取号:TP316.2/M161
 
预约/预借
| 序号 | 登录号 | 条形码 | 馆藏地/架位号 | 状态 | 备注 |
| 1 | 231102 | 202311024 | 自科库301/301自科库 57排6列4层/ [索取号:TP316.2/M161] | 在馆 | |
| 2 | 231103 | 202311033 | 自科库301/301自科库 57排6列4层/ [索取号:TP316.2/M161] | 在馆 |